[Event "Bayern-chI Bank Hofmann 24th"]
[Site "Tegernsee"]
[Date "2021.11.06"]
[Round "8"]
[White "Hess, Max"]
[Black "Danielmeier, Ralf"]
[Result "1-0"]
[WhiteElo "2412"]
[BlackElo "2066"]
[PlyCount "71"]
[EventDate "2021.10.30"]
[EventType "swiss"]
[EventRounds "9"]
[EventCountry "GER"]
[SourceTitle "CBM 205 Extra"]
[Source "ChessBase"]
[SourceDate "2022.01.31"]
[SourceVersion "1"]
[SourceVersionDate "2022.01.31"]
[SourceQuality "1"]

1. c4 Nf6 2. g3 g6 3. Bg2 d5 4. cxd5 Nxd5 5. Nc3 Nb6 6. h4 h5 7. d3 Bg7 8. Nf3 Nc6 9. 0-0 0-0 10. Bg5 Re8 11. Qd2 Nd4 12. Nxd4 Qxd4 13. Rac1 c6 14. Bh6 Bh8 15. a3 Nd5 16. e3 Qe5 17. d4 Qe6 18. Nxd5 cxd5 19. Qa5 Qd6 20. Qxd5 Qb6 21. b4 e5 22. dxe5 Rxe5 23. Qf3 a5 24. Bf4 Re7 25. Qd5 Bb2 26. Rc7 Be6 27. Qxb7 Qxb7 28. Rxb7 Rxb7 29. Bxb7 Ra7 30. Bc6 Bxa3 31. b5 Bc5 32. Rc1 Bb6 33. Bb8 Re7 34. Bd6 Ra7 35. Bc5 Bxc5 36. Rxc5 1-0

[Event "NRW Class2 1819"]
[Site "Germany"]
[Date "2018.12.09"]
[Round "4.7"]
[White "Lueckerath, Moritz"]
[Black "Danielmeier, Ralf"]
[Result "0-1"]
[WhiteElo "1964"]
[BlackElo "1992"]
[PlyCount "62"]
[EventDate "2018.09.16"]
[EventType "team-tourn"]
[EventRounds "9"]
[EventCountry "GER"]
[SourceTitle "EXT 2022"]
[Source "ChessBase"]
[SourceDate "2021.10.06"]
[SourceVersion "1"]
[SourceVersionDate "2021.10.06"]
[SourceQuality "1"]
[WhiteTeam "Duesseldorf II"]
[BlackTeam "Bielefeld"]
[WhiteTeamCountry "GER"]
[BlackTeamCountry "GER"]

1. e4 d5 2. exd5 Qxd5 3. Nc3 Qa5 4. d4 Nf6 5. Nf3 Bf5 6. Bc4 e6 7. Bd2 Bb4 8. Qe2 0-0 9. 0-0-0 Nc6 10. h3 Nd5 11. g4 Bxc3 12. Bxc3 Nxc3 13. bxc3 Bg6 14. h4 Qxc3 15. h5 Bxc2 16. Qxc2 Qxf3 17. g5 Nxd4 18. Qb2 Nf5 19. Qd2 Qc6 20. Qc2 Nd6 21. Rh4 b5 22. h6 g6 23. Rxd6 Qxd6 24. Qc3 e5 25. Bb3 c5 26. Re4 c4 27. Bd1 Rfe8 28. f4 b4 29. Qe1 b3 30. fxe5 Qa3+ 31. Kd2 Qb4+ 0-1

[Event "NRW Class2 1819"]
[Site "Germany"]
[Date "2018.09.16"]
[Round "1.6"]
[White "Grochtmann, Stephan"]
[Black "Danielmeier, Ralf"]
[Result "0-1"]
[WhiteElo "1991"]
[BlackElo "2008"]
[PlyCount "100"]
[EventDate "2018.09.16"]
[EventType "team-tourn"]
[EventRounds "9"]
[EventCountry "GER"]
[SourceTitle "EXT 2022"]
[Source "ChessBase"]
[SourceDate "2021.10.06"]
[SourceVersion "1"]
[SourceVersionDate "2021.10.06"]
[SourceQuality "1"]
[WhiteTeam "Guetersloh"]
[BlackTeam "Bielefeld"]
[WhiteTeamCountry "GER"]
[BlackTeamCountry "GER"]

1. Nc3 d5 2. d4 Nf6 3. Bg5 Nbd7 4. Nf3 g6 5. Ne5 Bg7 6. e3 Ne4 7. Nxe4 dxe4 8. Nxd7 Qxd7 9. c3 b6 10. Bc4 Bb7 11. Bf4 e6 12. Qg4 Bd5 13. Be2 c5 14. h4 cxd4 15. exd4 h5 16. Qg3 Rc8 17. Be5 Kf8 18. Ba6 Bb7 19. Bxb7 Qxb7 20. Bxg7+ Kxg7 21. Qe5+ Kg8 22. Rh3 Qd5 23. Re3 Qxe5 24. dxe5 Rc4 25. Rd1 Kg7 26. Rd4 Rxd4 27. cxd4 f5 28. exf6+ Kxf6 29. Rxe4 Rd8 30. Ke2 Rd5 31. Kd3 Ra5 32. a3 Rb5 33. Re2 Rd5 34. Ke4 Rb5 35. Rc2 g5 36. hxg5+ Rxg5 37. f4 Rg3 38. Rf2 Rg4 39. Kf3 Kf5 40. Ke3 Rg3+ 41. Kd2 Ke4 42. Re2+ Kxd4 43. Rxe6 Rxg2+ 44. Kc1 Rg7 45. Rh6 Rc7+ 46. Kd2 Rc5 47. Rh7 a5 48. a4 b5 49. axb5 Rxb5 50. Kc2 Ke4 0-1

[Event "NRW Class1 1718"]
[Site "Germany"]
[Date "2018.04.29"]
[Round "9.6"]
[White "Homs, Guust"]
[Black "Danielmeier, Ralf"]
[Result "1-0"]
[WhiteElo "2152"]
[BlackElo "2001"]
[PlyCount "41"]
[EventDate "2017.09.17"]
[EventType "team-tourn"]
[EventRounds "9"]
[EventCountry "GER"]
[SourceTitle "EXT 2019"]
[Source "ChessBase"]
[SourceDate "2018.10.10"]
[SourceVersion "1"]
[SourceVersionDate "2018.10.10"]
[SourceQuality "1"]
[WhiteTeam "Erkenschwick"]
[BlackTeam "Bielefeld"]
[WhiteTeamCountry "GER"]
[BlackTeamCountry "GER"]

1. e4 d5 2. exd5 Qxd5 3. d4 Nc6 4. Nf3 Bg4 5. Be2 0-0-0 6. c3 e5 7. Be3 exd4 8. cxd4 Bxf3 9. Bxf3 Qa5+ 10. Nc3 Nxd4 11. Bxd4 Nf6 12. Qb3 Rxd4 13. Qxb7+ Kd8 14. 0-0 Qb6 15. Qa8+ Kd7 16. Rad1 Rd6 17. Rfe1 h5 18. Nd5 Rxd5 19. Rxd5+ Nxd5 20. Qe8+ Kd6 21. Qd8+ 1-0

[Event "NRW Class1 1718"]
[Site "Germany"]
[Date "2017.10.15"]
[Round "2.7"]
[White "Danielmeier, Ralf"]
[Black "Schwanbeck, Christoph"]
[Result "1-0"]
[WhiteElo "2001"]
[BlackElo "2060"]
[PlyCount "78"]
[EventDate "2017.09.17"]
[EventType "team-tourn"]
[EventRounds "9"]
[EventCountry "GER"]
[SourceTitle "EXT 2019"]
[Source "ChessBase"]
[SourceDate "2018.10.10"]
[SourceVersion "1"]
[SourceVersionDate "2018.10.10"]
[SourceQuality "1"]
[WhiteTeam "Bielefeld"]
[BlackTeam "Iserlohn Koenigsspringer"]
[WhiteTeamCountry "GER"]
[BlackTeamCountry "GER"]

1. e4 d6 2. d4 Nf6 3. Nc3 Nbd7 4. g3 e5 5. Nge2 c6 6. Bg2 Be7 7. 0-0 Qc7 8. a4 0-0 9. h3 Re8 10. g4 exd4 11. Nxd4 g6 12. Bh6 Nc5 13. Qd2 Be6 14. b3 Rad8 15. Qf4 Qa5 16. Qe3 Bxg4 17. Rfb1 Ne6 18. hxg4 Nxg4 19. Qh3 Nxd4 20. Bd2 Qh5 21. Qd3 Ne6 22. Ne2 Bf6 23. Bc3 Bh4 24. Ng3 Qc5 25. Be1 Nf4 26. Qf3 Bxg3 27. Qxg4 Nxg2 28. Kxg2 Be5 29. Ra2 d5 30. Rd1 dxe4 31. Rxd8 Rxd8 32. Qxe4 Rd4 33. Qe2 h5 34. f3 Qd6 35. c3 Rd5 36. c4 Rd3 37. Bb4 Qd4 38. Bc5 Qc3 39. Bxa7 Kg7 1-0

[Event "NRW Class1 1617"]
[Site "Germany"]
[Date "2016.09.25"]
[Round "1.8"]
[White "Stukenbrok, Nils"]
[Black "Danielmeier, Ralf"]
[Result "1/2-1/2"]
[WhiteElo "2062"]
[BlackElo "2054"]
[PlyCount "84"]
[EventDate "2016.09.25"]
[EventType "team-tourn"]
[EventRounds "9"]
[EventCountry "GER"]
[SourceTitle "EXT 2023"]
[Source "ChessBase"]
[SourceDate "2022.10.05"]
[SourceVersion "1"]
[SourceVersionDate "2022.10.05"]
[SourceQuality "1"]
[WhiteTeam "Lieme"]
[BlackTeam "Bielefeld"]
[WhiteTeamCountry "GER"]
[BlackTeamCountry "GER"]

1. d4 Nf6 2. c4 g6 3. g3 Bg7 4. Bg2 d5 5. cxd5 Nxd5 6. Nf3 Nc6 7. 0-0 Nb6 8. e3 e5 9. Nxe5 Nxe5 10. dxe5 Qxd1 11. Rxd1 Bxe5 12. Nd2 Bg7 13. Rb1 Bg4 14. f3 Be6 15. b3 Nd5 16. Ne4 0-0-0 17. Bd2 Bf5 18. Rbc1 Bb2 19. Rb1 Bg7 20. Rbc1 Bb2 21. Rb1 Ba3 22. g4 Bxe4 23. fxe4 Nb4 24. Bc3 Rxd1+ 25. Rxd1 Rd8 26. Rxd8+ Kxd8 27. Bxb4 Bxb4 28. Kf2 Ke7 29. Ke2 Ke6 30. Kd3 Bc5 31. e5 c6 32. Ke4 g5 33. a4 b5 34. Kd3 bxa4 35. bxa4 Kd7 36. Be4 h6 37. Bf5+ Ke7 38. Be4 Ke6 39. Bxc6 Kxe5 40. Be4 Bb6 41. h3 f6 42. Bg6 a5 1/2-1/2

[Event "Bayern-chI Bank Hofmann 18th"]
[Site "Bad Wiessee"]
[Date "2014.10.26"]
[Round "2"]
[White "Danielmeier, Ralf"]
[Black "Womacka, Mathias"]
[Result "0-1"]
[WhiteElo "2109"]
[BlackElo "2439"]
[PlyCount "48"]
[EventDate "2014.10.25"]
[EventType "swiss"]
[EventRounds "9"]
[EventCountry "GER"]
[SourceTitle "EXT 2015"]
[Source "ChessBase"]
[SourceDate "2014.11.20"]
[SourceVersion "1"]
[SourceVersionDate "2014.11.20"]
[SourceQuality "1"]

1. Nf3 c5 2. g3 Nc6 3. d4 cxd4 4. Nxd4 g6 5. Bg2 Bg7 6. Nb3 Nf6 7. 0-0 0-0 8. Nc3 d6 9. h3 Bd7 10. Be3 Rb8 11. a4 b6 12. Nd4 Ne5 13. Kh2 a6 14. Qc1 Qc7 15. Bg5 e6 16. Rd1 b5 17. axb5 axb5 18. Nf3 Nc4 19. Nd4 d5 20. e3 b4 21. Na2 Rbc8 22. c3 bxc3 23. bxc3 Ne4 24. Bxe4 dxe4 0-1

[Event "NRW Class1 1314"]
[Site "Germany"]
[Date "2014.03.09"]
[Round "7.7"]
[White "Naundorf, Maik"]
[Black "Danielmeier, Ralf"]
[Result "1/2-1/2"]
[WhiteElo "2105"]
[BlackElo "2023"]
[PlyCount "109"]
[EventDate "2013.09.15"]
[EventType "team-tourn"]
[EventRounds "9"]
[EventCountry "GER"]
[SourceTitle "EXT 2015"]
[Source "ChessBase"]
[SourceDate "2014.11.20"]
[SourceVersion "1"]
[SourceVersionDate "2014.11.20"]
[SourceQuality "1"]
[WhiteTeam "Iserlohn Koenigsspringer"]
[BlackTeam "Bielefeld"]
[WhiteTeamCountry "GER"]
[BlackTeamCountry "GER"]

1. c4 Nf6 2. g3 g6 3. Bg2 d5 4. cxd5 Nxd5 5. Nc3 Nb6 6. d3 Bg7 7. Be3 Nc6 8. Qd2 Nd4 9. Rc1 Nf5 10. Bc5 0-0 11. e3 Nd7 12. Ba3 Ne5 13. Rd1 Bh6 14. Qe2 Nd6 15. h3 c6 16. b3 Qa5 17. Bb2 Nb5 18. Qc2 Bf5 19. e4 Nd4 20. Qb1 Be6 21. Kf1 f5 22. f4 fxe4 23. dxe4 Rad8 24. Ke1 Nb5 25. Nge2 Rxd1+ 26. Kxd1 Qd8+ 27. Ke1 Nd3+ 28. Kf1 Nxb2 29. Qxb2 Bg7 30. Qc2 Nd4 31. Nxd4 Qxd4 32. Ne2 Qe3 33. Qc1 Qd3 34. Kf2 Rd8 35. Bf3 a5 36. e5 Bd5 37. Bxd5+ Qxd5 38. Re1 g5 39. Qc2 gxf4 40. gxf4 Rf8 41. Ke3 Qd7 42. Rh1 Bh6 43. Rg1+ Kh8 44. Rg4 Qd5 45. Qe4 Rd8 46. Rh4 Qxe4+ 47. Kxe4 Bg7 48. Nd4 Ra8 49. Ne6 a4 50. b4 a3 51. Kd4 b6 52. Rg4 Bh6 53. Rh4 Bg7 54. Rg4 Bh6 55. Rh4 1/2-1/2

[Event "Golden Sands Europe op 2nd"]
[Site "Golden Sands"]
[Date "2013.06.17"]
[Round "8"]
[White "Danielmeier, Ralf"]
[Black "Soumya, Swaminathan"]
[Result "0-1"]
[WhiteElo "2159"]
[BlackElo "2289"]
[PlyCount "74"]
[EventDate "2013.06.10"]
[EventType "swiss"]
[EventRounds "9"]
[EventCountry "BUL"]
[SourceTitle "CBM 154 Extra"]
[Source "ChessBase"]
[SourceDate "2013.06.25"]
[SourceVersion "2"]
[SourceVersionDate "2013.06.25"]
[SourceQuality "1"]

1. Nf3 Nf6 2. g3 d5 3. Bg2 c6 4. 0-0 Bg4 5. d3 Nbd7 6. c4 e6 7. Nc3 Be7 8. b3 0-0 9. Bb2 Re8 10. h3 Bh5 11. Qc2 Rc8 12. g4 Bg6 13. Nh4 Bd6 14. Nxg6 hxg6 15. e4 b5 16. exd5 exd5 17. cxb5 cxb5 18. Qd2 Qa5 19. d4 b4 20. Nd1 Qa6 21. Ne3 Ne4 22. Qd1 Bb8 23. Re1 Qd6 24. Nf1 Qf6 25. Qf3 Qh4 26. Rac1 Rcd8 27. Re2 Nf8 28. Rce1 Ne6 29. Rxe4 dxe4 30. Rxe4 Ng5 31. Rxe8+ Rxe8 32. Qd3 Ne6 33. d5 Nf4 34. Qb5 Rd8 35. Qa5 Rc8 36. Qxb4 Ne2+ 37. Kh1 Qxf2 0-1

[Event "NRW Class1 1213"]
[Site "Germany"]
[Date "2013.02.17"]
[Round "6.8"]
[White "Danielmeier, Ralf"]
[Black "Hille, Ralph Ingo"]
[Result "1/2-1/2"]
[WhiteElo "2081"]
[BlackElo "2090"]
[PlyCount "34"]
[EventDate "2012.09.16"]
[EventType "team-tourn"]
[EventRounds "9"]
[EventCountry "GER"]
[SourceTitle "EXT 2017"]
[Source "ChessBase"]
[SourceDate "2016.10.25"]
[SourceVersion "1"]
[SourceVersionDate "2016.10.25"]
[SourceQuality "1"]
[WhiteTeam "Bielefeld"]
[BlackTeam "Castrop Rauxel"]
[WhiteTeamCountry "GER"]
[BlackTeamCountry "GER"]

1. g3 d5 2. Bg2 Nf6 3. Nf3 g6 4. 0-0 Bg7 5. d4 0-0 6. c4 c6 7. cxd5 cxd5 8. Nc3 e6 9. Ne5 Nfd7 10. Nxd7 Bxd7 11. b3 Qa5 12. Bd2 Qb6 13. e3 a5 14. Qe2 Bc6 15. Rfc1 Nd7 16. Na4 Qa7 17. Bc3 Rfc8 1/2-1/2

[Event "Bayern-chI Bank Hofmann 15th"]
[Site "Bad Wiessee"]
[Date "2011.10.30"]
[Round "2"]
[White "Swiercz, Dariusz"]
[Black "Danielmeier, Ralf"]
[Result "1-0"]
[WhiteElo "2585"]
[BlackElo "2193"]
[PlyCount "91"]
[EventDate "2011.10.29"]
[EventType "swiss"]
[EventRounds "9"]
[EventCountry "GER"]
[SourceTitle "EXT 2012"]
[Source "ChessBase"]
[SourceDate "2011.11.24"]
[SourceVersion "1"]
[SourceVersionDate "2011.11.24"]
[SourceQuality "1"]

1. e4 d5 2. exd5 Qxd5 3. Nc3 Qa5 4. d4 Nf6 5. Nf3 c6 6. Bc4 Bf5 7. Bd2 e6 8. Nd5 Qd8 9. Nxf6+ gxf6 10. Bb3 Qc7 11. Nh4 Bg6 12. Qf3 Nd7 13. Qh3 Bg7 14. 0-0-0 0-0-0 15. Rhe1 f5 16. c3 b5 17. Nf3 Nb6 18. Bg5 Rde8 19. Bh6 Bxh6+ 20. Qxh6 a5 21. a3 Nd7 22. Ne5 Nf6 23. f3 Rd8 24. Nd3 Nh5 25. Re5 a4 26. Ba2 Kb8 27. Rd2 Rhe8 28. Nb4 Kb7 29. Rc5 Qxh2 30. Qe3 f4 31. Qe1 Rd6 32. c4 bxc4 33. Bxc4 Nf6 34. Ba6+ Kc7 35. Bb5 Rb8 36. Na6+ Kb6 37. Nxb8 cxb5 38. Qf1 Ka7 39. Nc6+ Ka8 40. Nb4 Rb6 41. b3 axb3 42. Kb2 Nd5 43. Nxd5 exd5 44. Qe1 Re6 45. Re2 Bd3 46. Qa5+ 1-0

[Event "Werther Schloss op-A 17th"]
[Site "Werther"]
[Date "2011.04.15"]
[Round "2"]
[White "Hoffmann, Alexander"]
[Black "Danielmeier, Ralf"]
[Result "1/2-1/2"]
[WhiteElo "2404"]
[BlackElo "2178"]
[PlyCount "61"]
[EventDate "2011.04.14"]
[EventType "swiss"]
[EventRounds "7"]
[EventCountry "GER"]
[SourceTitle "CBM 141 Extra"]
[Source "ChessBase"]
[SourceDate "2011.05.03"]
[SourceVersion "1"]
[SourceVersionDate "2011.05.03"]
[SourceQuality "1"]

1. c4 e5 2. Nc3 d6 3. Nf3 f5 4. d4 e4 5. Ng5 Be7 6. Nh3 g5 7. g3 Nd7 8. Bg2 h6 9. 0-0 Ngf6 10. f3 exf3 11. exf3 0-0 12. f4 g4 13. Nf2 c6 14. d5 c5 15. b3 Ne8 16. Bb2 Bf6 17. Qc2 Bg7 18. Rfe1 Nc7 19. Bf1 Rf7 20. Bd3 Nf8 21. Nfd1 Bd7 22. Ne3 Qf6 23. Re2 Re8 24. Rae1 Qg6 25. Ng2 Bd4+ 26. Kh1 Qf6 27. Nh4 Rxe2 28. Rxe2 Ng6 29. Nxg6 Qxg6 30. Nd1 Qf6 31. Ne3 1/2-1/2

[Event "Oberliga NRW 0910"]
[Site "Germany"]
[Date "2010.01.31"]
[Round "6.7"]
[White "Hille, Ralph Ingo"]
[Black "Danielmeier, Ralf"]
[Result "1/2-1/2"]
[WhiteElo "2145"]
[BlackElo "2173"]
[PlyCount "54"]
[EventDate "2009.09.20"]
[EventType "team-tourn"]
[EventRounds "9"]
[EventCountry "GER"]
[SourceTitle "EXT 2011"]
[Source "ChessBase"]
[SourceDate "2010.11.26"]
[SourceVersion "1"]
[SourceVersionDate "2010.11.26"]
[SourceQuality "1"]
[WhiteTeam "Castrop Rauxel"]
[BlackTeam "Bielefeld"]
[WhiteTeamCountry "GER"]
[BlackTeamCountry "GER"]

1. b3 e5 2. Bb2 d6 3. g3 Nf6 4. Bg2 g6 5. e4 Bg7 6. Ne2 Nh5 7. d4 Nc6 8. 0-0 0-0 9. dxe5 dxe5 10. Nbc3 Be6 11. Nd5 Nd4 12. c3 Nxe2+ 13. Qxe2 c6 14. Ne3 Qc8 15. c4 Bh3 16. Bxh3 Qxh3 17. Qg4 Qxg4 18. Nxg4 Nf6 19. Nxf6+ Bxf6 20. f4 Bg7 21. f5 f6 22. Rad1 Rfd8 23. g4 g5 24. Kf2 Bf8 25. Ke2 Kf7 26. Rxd8 Rxd8 27. Rd1 Rxd1 1/2-1/2

[Event "Oberliga NRW 0910"]
[Site "Germany"]
[Date "2009.12.20"]
[Round "4.6"]
[White "Danielmeier, Ralf"]
[Black "Bonnmann, Reinhard"]
[Result "1/2-1/2"]
[WhiteElo "2173"]
[BlackElo "2242"]
[PlyCount "68"]
[EventDate "2009.09.20"]
[EventType "team-tourn"]
[EventRounds "9"]
[EventCountry "GER"]
[SourceTitle "EXT 2011"]
[Source "ChessBase"]
[SourceDate "2010.11.26"]
[SourceVersion "1"]
[SourceVersionDate "2010.11.26"]
[SourceQuality "1"]
[WhiteTeam "Bielefeld"]
[BlackTeam "Koeln SF"]
[WhiteTeamCountry "GER"]
[BlackTeamCountry "GER"]

1. e4 c5 2. Nc3 Nc6 3. g3 g6 4. Bg2 Bg7 5. d3 e6 6. Nge2 Nge7 7. 0-0 0-0 8. Bg5 h6 9. Be3 b6 10. d4 d6 11. Qd2 Kh7 12. Rad1 Ba6 13. Rfe1 Rc8 14. f4 Qc7 15. a4 Rfd8 16. d5 exd5 17. exd5 Bxe2 18. Rxe2 Nd4 19. Ree1 Qd7 20. Qd3 Re8 21. Bf2 Ng8 22. b3 a6 23. Ne2 Nxe2+ 24. Rxe2 b5 25. axb5 Rxe2 26. Qxe2 axb5 27. Bf1 b4 28. Qa6 Nf6 29. Bb5 Qd8 30. Re1 Qc7 31. Qc6 Qb8 32. Qa6 Qc7 33. Qc6 Qb8 34. Qa6 Qc7 1/2-1/2

[Event "Oberliga NRW 0910"]
[Site "Germany"]
[Date "2009.11.22"]
[Round "3.6"]
[White "Bus, Tom"]
[Black "Danielmeier, Ralf"]
[Result "1-0"]
[WhiteElo "2172"]
[BlackElo "2173"]
[PlyCount "79"]
[EventDate "2009.09.20"]
[EventType "team-tourn"]
[EventRounds "9"]
[EventCountry "GER"]
[SourceTitle "EXT 2011"]
[Source "ChessBase"]
[SourceDate "2010.11.26"]
[SourceVersion "1"]
[SourceVersionDate "2010.11.26"]
[SourceQuality "1"]
[WhiteTeam "Muelheim Nord II"]
[BlackTeam "Bielefeld"]
[WhiteTeamCountry "GER"]
[BlackTeamCountry "GER"]

1. c4 Nf6 2. g3 g6 3. Bg2 d5 4. cxd5 Nxd5 5. Nc3 Nb6 6. d3 Bg7 7. Be3 N8d7 8. Qd2 Nf6 9. Bh6 0-0 10. Nf3 Nbd5 11. Bxg7 Kxg7 12. 0-0 c6 13. Rfc1 Qa5 14. Nxd5 Qxd5 15. b4 Rd8 16. Rc5 Qd6 17. Rac1 Ne4 18. Qb2+ Qf6 19. Re5 Nd6 20. Qa1 Be6 21. a4 h6 22. h4 Kg8 23. Rcc5 Nf5 24. Qc3 Rd7 25. e4 Ng7 26. b5 cxb5 27. axb5 Rad8 28. d4 Bg4 29. Nh2 Bd1 30. d5 b6 31. Rc6 Rd6 32. f3 Be2 33. Ng4 Rxc6 34. Nxf6+ Rxf6 35. Rxe7 Rfd6 36. Qb2 Bc4 37. Rc7 Bxd5 38. exd5 Rxd5 39. f4 Rd1+ 40. Kh2 1-0

[Event "NRW Class1 0809"]
[Site "Germany"]
[Date "2009.02.01"]
[Round "6.7"]
[White "Huelsmann, Josef"]
[Black "Danielmeier, Ralf"]
[Result "1-0"]
[WhiteElo "2239"]
[BlackElo "2174"]
[PlyCount "63"]
[EventDate "2008.09.21"]
[EventType "team-tourn"]
[EventRounds "9"]
[EventCountry "GER"]
[SourceTitle "EXT 2010"]
[Source "ChessBase"]
[SourceDate "2010.11.25"]
[SourceVersion "1"]
[SourceVersionDate "2010.11.25"]
[SourceQuality "1"]
[WhiteTeam "Monheim"]
[BlackTeam "Bielefeld"]
[WhiteTeamCountry "GER"]
[BlackTeamCountry "GER"]

1. d4 g6 2. Nf3 Nf6 3. Bg5 Bg7 4. Nbd2 0-0 5. e4 d5 6. Bxf6 Bxf6 7. exd5 Qxd5 8. Bc4 Qd8 9. c3 Nd7 10. 0-0 b6 11. Ne4 Bg7 12. Neg5 e6 13. Re1 Bb7 14. h4 Nf6 15. Ne5 Bd5 16. Bd3 c5 17. dxc5 bxc5 18. c4 Bb7 19. Qe2 Qc7 20. Qe3 Nh5 21. f4 Nf6 22. Rad1 Ng4 23. Qg3 Nh6 24. h5 Rad8 25. hxg6 hxg6 26. Nxe6 Rxd3 27. Rxd3 fxe6 28. Rd7 Qa5 29. Rxg7+ Kxg7 30. Qxg6+ Kh8 31. Qxh6+ Kg8 32. Re3 1-0

[Event "Gibraltar Masters 6th"]
[Site "Gibraltar"]
[Date "2008.01.30"]
[Round "9"]
[White "Danielmeier, Ralf"]
[Black "Werner, Dimo"]
[Result "0-1"]
[WhiteElo "2112"]
[BlackElo "2293"]
[PlyCount "108"]
[EventDate "2008.01.22"]
[EventType "swiss"]
[EventRounds "10"]
[EventCountry "ENG"]
[SourceTitle "CBM 122 Extra"]
[Source "ChessBase"]
[SourceDate "2008.03.04"]
[SourceVersion "1"]
[SourceVersionDate "2008.03.04"]
[SourceQuality "1"]

1. e4 c5 2. Nc3 e6 3. g3 Nc6 4. Bg2 g6 5. d3 Bg7 6. Be3 Nd4 7. Nce2 Ne7 8. c3 Nxe2 9. Nxe2 b6 10. Qd2 Bb7 11. Bh6 Bxh6 12. Qxh6 Ng8 13. Qe3 Nf6 14. h3 d5 15. 0-0 dxe4 16. dxe4 e5 17. f4 0-0 18. fxe5 Nd7 19. Rad1 Qe7 20. e6 Qxe6 21. Nf4 Qe7 22. Qd2 Ne5 23. Nd5 Bxd5 24. exd5 Qd6 25. Qf4 Kg7 26. Rde1 f6 27. h4 h5 28. Bh3 Rad8 29. Be6 Nd3 30. Qxd6 Rxd6 31. Re2 c4 32. Re4 Nxb2 33. Rb1 Na4 34. Rxc4 Nc5 35. Rxc5 bxc5 36. Rb7+ Kh6 37. Rxa7 f5 38. Rc7 Ra6 39. Rxc5 Rb8 40. Rc6 Rb1+ 41. Kf2 Rxa2+ 42. Ke3 Kg7 43. Kf4 Ra4+ 44. c4 Rc1 45. Rc7+ Kh6 46. d6 Re1 47. Bd5 Ra2 48. Bf3 Rd2 49. g4 hxg4 50. Bd5 Rd4+ 51. Kg3 Rd3+ 52. Kf2 Re5 53. Rc5 g3+ 54. Kf1 Rd2 0-1

[Event "Gibraltar Masters 6th"]
[Site "Gibraltar"]
[Date "2008.01.28"]
[Round "7"]
[White "Danielmeier, Ralf"]
[Black "Cmilyte, Viktorija"]
[Result "0-1"]
[WhiteElo "2112"]
[BlackElo "2475"]
[PlyCount "72"]
[EventDate "2008.01.22"]
[EventType "swiss"]
[EventRounds "10"]
[EventCountry "ENG"]
[SourceTitle "CBM 122 Extra"]
[Source "ChessBase"]
[SourceDate "2008.03.04"]
[SourceVersion "1"]
[SourceVersionDate "2008.03.04"]
[SourceQuality "1"]

1. e4 c5 2. Nc3 Nc6 3. g3 g6 4. Bg2 Bg7 5. d3 d6 6. Be3 e5 7. f4 Nge7 8. Nf3 Nd4 9. 0-0 exf4 10. Bxf4 0-0 11. Qd2 Qb6 12. Bh6 Nxf3+ 13. Bxf3 Bxh6 14. Qxh6 Qxb2 15. Ne2 Qg7 16. Qh4 Nc6 17. Qf4 Ne5 18. Rab1 Rb8 19. d4 cxd4 20. Nxd4 Be6 21. a4 Bc4 22. Rfd1 b6 23. Nb5 Bxb5 24. Rxb5 Rbc8 25. a5 bxa5 26. Rxa5 g5 27. Qf5 Nc4 28. Rad5 Ne3 29. Qxg5 Nxd5 30. Qxd5 Qc3 31. Qg5+ Kh8 32. Qf4 Qe5 33. Rxd6 Qxf4 34. gxf4 Rxc2 35. Ra6 Rg8+ 36. Kf1 Rb8 0-1

[Event "Gibraltar Masters 6th"]
[Site "Gibraltar"]
[Date "2008.01.25"]
[Round "4"]
[White "Ramaswamy, Aarthie"]
[Black "Danielmeier, Ralf"]
[Result "0-1"]
[WhiteElo "2322"]
[BlackElo "2112"]
[PlyCount "69"]
[EventDate "2008.01.22"]
[EventType "swiss"]
[EventRounds "10"]
[EventCountry "ENG"]
[SourceTitle "CBM 122 Extra"]
[Source "ChessBase"]
[SourceDate "2008.03.04"]
[SourceVersion "1"]
[SourceVersionDate "2008.03.04"]
[SourceQuality "1"]

1. e4 d5 2. exd5 Qxd5 3. Nc3 Qa5 4. d4 Nf6 5. Bc4 Bg4 6. f3 Bf5 7. Nge2 e6 8. g4 Bg6 9. Nf4 Nc6 10. Bb5 0-0-0 11. Bxc6 bxc6 12. Bd2 Rxd4 13. h4 Bb4 14. a3 Bxc3 15. bxc3 Qe5+ 16. Ne2 Rd7 17. Qc1 Rhd8 18. Bf4 Rd1+ 19. Qxd1 Rxd1+ 20. Rxd1 Qb5 21. Kd2 Bxc2 22. Kxc2 Qxe2+ 23. Bd2 Qxf3 24. g5 Nd5 25. Rhf1 Qg2 26. Kc1 f6 27. Rde1 e5 28. gxf6 gxf6 29. h5 Nb6 30. Rxf6 Nc4 31. Rd1 e4 32. Rxc6 Nxd2 33. Rxd2 Qf3 34. Rd1 e3 35. Rc4 0-1

[Event "Gibraltar Masters 6th"]
[Site "Gibraltar"]
[Date "2008.01.23"]
[Round "2"]
[White "Danielmeier, Ralf"]
[Black "Jacobsen, Maria Pitz"]
[Result "1/2-1/2"]
[WhiteElo "2112"]
[BlackElo "1799"]
[PlyCount "61"]
[EventDate "2008.01.22"]
[EventType "swiss"]
[EventRounds "10"]
[EventCountry "ENG"]
[SourceTitle "CBM 122 Extra"]
[Source "ChessBase"]
[SourceDate "2008.03.04"]
[SourceVersion "1"]
[SourceVersionDate "2008.03.04"]
[SourceQuality "1"]

1. e4 c5 2. Nc3 Nc6 3. g3 g6 4. Bg2 Bg7 5. d3 d6 6. Be3 e5 7. Qd2 Be6 8. Nd5 Qd7 9. Ne2 Nf6 10. Bh6 Bxh6 11. Nxf6+ Ke7 12. Qxh6 Kxf6 13. f4 Ke7 14. 0-0 Rhg8 15. Rf2 f5 16. Nc3 Ke8 17. Nd5 Bxd5 18. exd5 Nd8 19. fxe5 Nf7 20. Qe3 Nxe5 21. b4 b6 22. bxc5 bxc5 23. c3 Kf7 24. Rb2 Rab8 25. Rab1 Rxb2 26. Rxb2 Re8 27. Bf1 Kg7 28. Qf4 Nf7 29. Re2 Rxe2 30. Bxe2 Qb7 31. Qa4 1/2-1/2